000 00603nam a22002057a 4500
003 0
005 20251111100547.0
008 251111b xxu||||| |||| 00| 0 eng d
020 _a978-0-451-22276-3
050 _aPS 3562.E78
_b.L47 2008
100 _aLescroart, John,
_eauthor.
245 _aThe Suspect /
_cJohn Lescroart.
260 _aNew York, NY :
_bSignet,
_c2008.
300 _a518 pages ;
_c19 cm.
650 _aDetective and mystery fiction.
650 _aMurder
_xInvestigation
_vFiction.
650 _aTrials (Murder)
_xFiction.
650 _aDefense attorneys
_xFiction.
942 _2lcc
_cBK
999 _c368563
_d368563